| 000 -CABECERA |
| fixed length control field |
00942nam a22002537i 4500 |
| 003 - IDENTIFICADOR DEL NÚMERO DE CONTROL |
| control field |
AR-CdUCM |
| 008 - DATOS DE LONGITUD FIJA--INFORMACIÓN GENERAL |
| fixed length control field |
260120b20202020 pe||||| |||| 00| 0 spa d |
| 020 ## - NÚMERO INTERNACIONAL ESTÁNDAR DEL LIBRO |
| ISBN |
978-612-304-620-0 |
| 040 ## - FUENTE DE LA CATALOGACIÓN |
| Agencia/entidad que catalogó originalmente la obra |
MUNICIPALIDAD PROVINCIAL DEL CUSCO |
| Entidad que transcribió la catalogación |
BIBLIOTECA MUNICIPAL DEL CUSCO |
| 082 ## - NÚMERO DE LA CLASIFICACIÓN DECIMAL DEWEY |
| No. de Clasificación |
ES / 650.1 / |
| Notacion interna |
B31 |
| 100 ## - ENTRADA PRINCIPAL--NOMBRE DE PERSONA |
| Nombre Personal |
Bazán Briceño, José Luis |
| 245 ## - MENCIÓN DE TÍTULO |
| Título |
Emprendimiento y oportunidades de negocios : |
| Resto del título |
El ABC del emprendimiento y la gestión competitiva / |
| 260 ## - PUBLICACIÓN, DISTRIBUCIÓN, ETC. |
| Lugar de publicación, distribución, etc. |
Lima-Perú : |
| Nombre de la editorial, distribuidor, etc. |
Editorial-Macro |
| Fecha de publicación, distribución, etc. |
2020 |
| 300 ## - DESCRIPCIÓN FÍSICA |
| Nº de Páginas Extensión |
127 páginas. : |
| Dimensiones |
24x17 cm. |
| 505 ## - NOTA DE CONTENIDO CON FORMATO |
| Nota de contenido formateada |
Flujo de la economía -- El emprendimiento -- El proceso creativo -- Modelos de negocio -- Tablero de experimentación |
| 650 ## - PUNTO DE ACCESO ADICIONAL DE MATERIA--TÉRMINO DE MATERIA |
| Descriptor |
El mercado |
| 9 (RLIN) |
9235 |
| 650 ## - PUNTO DE ACCESO ADICIONAL DE MATERIA--TÉRMINO DE MATERIA |
| Descriptor |
Emprendedor |
| 9 (RLIN) |
52054 |
| 650 ## - PUNTO DE ACCESO ADICIONAL DE MATERIA--TÉRMINO DE MATERIA |
| Descriptor |
Autodiagnóstico |
| 9 (RLIN) |
52055 |
| 650 ## - PUNTO DE ACCESO ADICIONAL DE MATERIA--TÉRMINO DE MATERIA |
| Descriptor |
Ideas innovadoras |
| 9 (RLIN) |
52056 |
| 650 ## - PUNTO DE ACCESO ADICIONAL DE MATERIA--TÉRMINO DE MATERIA |
| Descriptor |
El modelo |
| 9 (RLIN) |
52057 |
| 942 ## - ELEMENTOS DE PUNTO DE ACCESO ADICIONAL (KOHA) |
| Fuente de clasificación |
|
| Tipo de item |
Libros-BMC |
| 945 ## - PROCESAMIENTO DE INFORMACIÓN LOCAL (OCLC) |
| Catalogador |
pbjr |
| AAAA-MM-DD - Fecha de ingreso o modificacion |
20-01-2026 |